000 00494nam a2200133Ia 4500
008 170221s9999 xx 000 0 und d
100 _aHaiping Huang
245 _aRouting Algorithm and Traffic Light Control based on Vehicular Delay-Tolerant Networks
245 _cHaiping Huang, Dan Sha, Yongcan Zhang, and Pengfei Li
260 _bJournal of Communications
650 _xCommunication
650 _xMedia Arts
856 _uhttp://www.jocm.us/index.php?m=content&c=index&a=lists&catid=159
999 _c312588
_d312588